Najpopularniejsze Ulice W Polsce A-Ż - Statystyki

Ogólne statystyki
  • Ten quiz został rozwiązany 102 razy
  • Średni wynik to 6 z 26
Statystyki odpowiedzi
Litera Ulica Ilość Ulic % Poprawnych
L Leśna 3520
52%
K Krótka 2523
45%
P Polna 3469
45%
A Akacjowa 1595
43%
B Brzozowa 1977
38%
D Dębowa 1536
34%
Ł Łąkowa 1768
31%
Ś Świerkowa 1296
29%
S Słoneczna 2976
27%
Z Zielona 1444
27%
H Henryka Sienkiewicza 521
23%
N Nowa 1045
23%
C Cicha 1376
17%
F Fryderyka Chopina 169
17%
Ć Ćmielowska/Ćwiczebna 3
16%
T Topolowa 951
16%
J Jaśminowa 913
14%
O Ogrodowa 2392
14%
R Różana 999
13%
E Elizy Orzeszkowej 157
8%
I Ignacego Paderewskiego 138
6%
M Modrzewiowa 800
6%
U Ułańska 66
6%
W Wrzosowa 1082
6%
Ż Żwirki I Wigury 192
6%
G Graniczna 969
5%
Nie znaleziono quizów pasujących do podanych kryteriów
Rozkład punktacji
Procent ludzi z każdym wynikiem
Percentyl według liczby udzielonych odpowiedzi
Twoja historia wyników
Nie rozwiązałeś tego quizu